[Event "SRB-ch sf"]
[Site "Paracin"]
[Date "2024.02.06"]
[Round "2"]
[White "Tadic, Stefan"]
[Black "Tilicheev, Viacheslav"]
[Result "1/2-1/2"]
[WhiteElo "2390"]
[BlackElo "2487"]
[PlyCount "47"]
[EventDate "2024.02.05"]
[EventType "swiss"]
[EventRounds "9"]
[EventCountry "SRB"]
[SourceTitle "CB07_2024"]
[SourceDate "2024.02.14"]
[SourceVersion "1"]
[SourceVersionDate "2024.02.14"]
[SourceQuality "1"]

1. c4 e6 2. Nf3 f5 3. g3 Nf6 4. Bg2 Be7 5. 0-0 0-0 6. d4 d6 7. Nc3 Qe8 8. b3 Nc6 9. Bb2 e5 10. dxe5 dxe5 11. Nd5 Bd8 12. Ne1 Rf7 13. Nd3 e4 14. N3f4 Ne5 15. f3 c6 16. Nxf6+ Bxf6 17. Qc2 exf3 18. exf3 Re7 19. Rad1 Qf7 20. Rfe1 Bd7 21. Re2 Ree8 22. Rde1 Ng6 23. Nxg6 Qxg6 24. f4 1/2-1/2

[Event "Skopje op"]
[Site "Skopje"]
[Date "2023.12.10"]
[Round "6"]
[White "Tadic, Stefan"]
[Black "Tsarsitalidis, Christos"]
[Result "1-0"]
[WhiteElo "2386"]
[BlackElo "2089"]
[PlyCount "105"]
[EventDate "2023.12.06"]
[EventType "swiss"]
[EventRounds "9"]
[EventCountry "MKD"]
[SourceTitle "CB50_2023"]
[SourceDate "2023.12.13"]
[SourceVersion "1"]
[SourceVersionDate "2023.12.13"]
[SourceQuality "1"]

1. e4 c6 2. d4 d5 3. e5 Bf5 4. Nf3 e6 5. Be2 c5 6. Be3 Qb6 7. Nc3 Nc6 8. 0-0 Qxb2 9. Qe1 c4 10. Rb1 Qa3 11. Rxb7 Nd8 12. Qb1 Qa6 13. Rb5 Be7 14. a4 Bg6 15. Ne1 h5 16. g3 Nh6 17. Ng2 Nf5 18. Nf4 Nc6 19. Rd1 Qc8 20. Bf3 a6 21. Rb6 Bd8 22. Rb2 0-0 23. Nce2 Bh7 24. Bxh5 Ba5 25. Nh3 Rb8 26. Ng5 Qc7 27. Rxb8 Rxb8 28. Qc1 Nd8 29. Nxh7 Kxh7 30. Bg5 Bb4 31. Bg4 Ne7 32. h4 Qd7 33. c3 Ba5 34. h5 Ng8 35. Qc2+ Kh8 36. Kg2 f5 37. Nf4 Nf7 38. Rb1 Re8 39. Ng6+ Kh7 40. Be3 Ngh6 41. Bh3 Nh8 42. Nf4 Bd8 43. g4 Kg8 44. gxf5 exf5 45. Rb8 Bg5 46. Bxf5 Nxf5 47. Rxe8+ Qxe8 48. Qxf5 Bxf4 49. Bxf4 Qf7 50. Qg4 g6 51. e6 Qf5 52. Qxf5 gxf5 53. Be5 1-0

[Event "SRB-chT Premier"]
[Site "Bajina Basta"]
[Date "2023.09.19"]
[Round "2.6"]
[White "Tadic, Stefan"]
[Black "Titov, Ivan"]
[Result "1-0"]
[WhiteElo "2386"]
[BlackElo "2119"]
[PlyCount "149"]
[EventDate "2023.09.18"]
[EventType "team-tourn"]
[EventRounds "11"]
[EventCountry "SRB"]
[SourceTitle "EXT 2024"]
[Source "ChessBase"]
[SourceDate "2023.10.10"]
[SourceVersion "1"]
[SourceVersionDate "2023.10.10"]
[SourceQuality "1"]
[WhiteTeam "Elemir Naftagas"]
[BlackTeam "Petrovaradin Kraljica"]
[WhiteTeamCountry "SRB"]
[BlackTeamCountry "SRB"]

1. e4 d5 2. exd5 Qxd5 3. Nc3 Qa5 4. Bc4 Nf6 5. d4 Bg4 6. f3 Bd7 7. Nge2 e6 8. 0-0 Be7 9. Be3 c6 10. Qd2 Qb4 11. Bd3 Nd5 12. a3 Qb6 13. Bf2 Nxc3 14. Qxc3 Bf6 15. Ng3 0-0 16. Nh5 Qd8 17. Nxf6+ Qxf6 18. Rae1 Bc8 19. Re4 g6 20. Qd2 Nd7 21. c4 Qg7 22. Be3 f5 23. Bh6 Qf6 24. Bg5 Qf7 25. Re2 Nf6 26. Bb1 Bd7 27. Ba2 Rfe8 28. Rfe1 b6 29. Qc3 Nh5 30. d5 c5 31. b4 Rac8 32. bxc5 bxc5 33. Qa5 h6 34. Bxh6 exd5 35. Rxe8+ Rxe8 36. cxd5 f4 37. Bg5 Kh7 38. Bh4 Qg7 39. Qxc5 Rxe1+ 40. Bxe1 Qa1 41. Qf2 Bb5 42. d6 Qe5 43. Qd2 Ng7 44. h4 Kh6 45. Bf2 Nf5 46. d7 Bxd7 47. Qxd7 Qa1+ 48. Kh2 Qxa2 49. Bc5 Qg8 50. Qc7 g5 51. Bf2 a6 52. Qe5 Nxh4 53. Bxh4 gxh4 54. Qxf4+ Kh5 55. Qe5+ Kh6 56. Kh3 Qf8 57. Qe6+ Kg7 58. Qg4+ Kh7 59. Qxh4+ Kg7 60. Qd4+ Kh7 61. Qd3+ Kg7 62. g4 Qf4 63. Kg2 Qf6 64. a4 Qb6 65. Qf5 Qc6 66. a5 Qd6 67. g5 Qd2+ 68. Kh3 Qe2 69. Qf6+ Kg8 70. Qg6+ Kh8 71. Qe4 Qf1+ 72. Kg4 Qb5 73. Kh5 Qb2 74. Qe8+ Kh7 75. g6+ 1-0

[Event "Ustron op-A"]
[Site "Ustron"]
[Date "2023.08.17"]
[Round "7"]
[White "Cieslak, Patryk"]
[Black "Tadic, Stefan"]
[Result "1-0"]
[WhiteElo "2270"]
[BlackElo "2400"]
[PlyCount "111"]
[EventDate "2023.08.11"]
[EventType "swiss"]
[EventRounds "9"]
[EventCountry "POL"]
[SourceTitle "CBM 215 Extra"]
[Source "ChessBase"]
[SourceDate "2023.09.30"]
[SourceVersion "1"]
[SourceVersionDate "2023.09.30"]
[SourceQuality "1"]

1. e4 Nf6 2. e5 Nd5 3. d4 Nb6 4. Nf3 d5 5. a4 a5 6. h3 Bf5 7. Bd3 Bxd3 8. Qxd3 e6 9. Bf4 Qd7 10. b3 c5 11. dxc5 Bxc5 12. Be3 Na6 13. c3 Rc8 14. Nbd2 Bxe3 15. Qxe3 Qc7 16. 0-0 Qc5 17. Qg5 0-0 18. Rac1 Nd7 19. Nd4 Qc7 20. Rfe1 Nac5 21. Qg3 Qb6 22. Qe3 f6 23. f4 fxe5 24. fxe5 Rcd8 25. c4 Rfe8 26. cxd5 exd5 27. N2f3 Ne4 28. Nb5 Qxe3+ 29. Rxe3 Nxe5 30. Rc7 b6 31. Nxe5 Rxe5 32. Nd4 Ree8 33. Rf3 Nf6 34. Rg3 Rd7 35. Rc6 Ne4 36. Re3 Rb8 37. Kh2 Rf7 38. Nf3 Rf6 39. Rc7 Rd8 40. Nd4 Rdd6 41. Nb5 Rc6 42. Rd7 Rg6 43. Rd8+ Kf7 44. Nd4 Rcd6 45. Rb8 Rgf6 46. Re1 Rf2 47. Nf3 Rc2 48. Rb7+ Kg6 49. Ne5+ Kf5 50. Ng4 Ke6 51. Rxg7 Rd7 52. Rxd7 Kxd7 53. Ne3 Rb2 54. Nxd5 Nd2 55. Nxb6+ Kc7 56. Nc4 1-0

[Event "Ustron op-A"]
[Site "Ustron"]
[Date "2023.08.13"]
[Round "3"]
[White "Mickiewicz, Piotr"]
[Black "Tadic, Stefan"]
[Result "0-1"]
[WhiteElo "2243"]
[BlackElo "2400"]
[PlyCount "114"]
[EventDate "2023.08.11"]
[EventType "swiss"]
[EventRounds "9"]
[EventCountry "POL"]
[SourceTitle "CBM 215 Extra"]
[Source "ChessBase"]
[SourceDate "2023.09.30"]
[SourceVersion "1"]
[SourceVersionDate "2023.09.30"]
[SourceQuality "1"]

1. c4 c5 2. Nf3 Nc6 3. d4 cxd4 4. Nxd4 Nf6 5. Nc3 e6 6. g3 Qb6 7. e3 Bb4 8. Bg2 d5 9. 0-0 dxc4 10. Na4 Qa6 11. Nxc6 bxc6 12. Qc2 0-0 13. Rd1 e5 14. Bd2 Rb8 15. a3 Be7 16. Bf1 Be6 17. Rdc1 Rfd8 18. Be1 Rd3 19. Bxd3 cxd3 20. Qxc6 Qxc6 21. Rxc6 Ne4 22. Rxe6 fxe6 23. Ba5 Rc8 24. Rd1 Rc4 25. Nc3 Nc5 26. Bb4 e4 27. f3 a5 28. Bxc5 Bxc5 29. Nxe4 Bxe3+ 30. Kf1 Rc1 31. Rxc1 Bxc1 32. b4 a4 33. Nc5 Bxa3 34. Nxd3 Bb2 35. b5 a3 36. Nb4 Kf7 37. b6 Ke8 38. Ke2 Kd7 39. Kd3 Be5 40. Kc2 Bd6 41. b7 Kc7 42. Na2 Kxb7 43. Kb3 Kc6 44. Nc3 h5 45. Ne4 Be7 46. Nf2 Kd5 47. Nd3 g5 48. h4 Kd4 49. Ne1 gxh4 50. gxh4 Ke3 51. Nc2+ Kxf3 52. Nd4+ Kg4 53. Nxe6 Kxh4 54. Nf4 Kg4 55. Nd5 h4 56. Nxe7 h3 57. Nd5 h2 0-1

[Event "Gligoric Cup 9th"]
[Site "Paracin"]
[Date "2023.05.18"]
[Round "3.6"]
[White "Tadic, Stefan"]
[Black "Pogorelskikh, Sergey"]
[Result "1-0"]
[WhiteElo "2358"]
[BlackElo "2220"]
[PlyCount "61"]
[EventDate "2023.05.16"]
[EventType "team-swiss"]
[EventRounds "5"]
[EventCountry "SRB"]
[SourceTitle "CBM 214 Extra"]
[Source "ChessBase"]
[SourceDate "2023.07.31"]
[SourceVersion "1"]
[SourceVersionDate "2023.07.31"]
[SourceQuality "1"]
[WhiteTeam "Vreoci Turbina"]
[BlackTeam "Paracin"]
[WhiteTeamCountry "SRB"]
[BlackTeamCountry "SRB"]

1. e4 c5 2. Nc3 Nc6 3. Nge2 Nf6 4. g3 d5 5. exd5 Nd4 6. Nxd4 cxd4 7. Nb5 a6 8. Nxd4 Qxd5 9. Nf3 Qe4+ 10. Be2 Bh3 11. d3 Qc6 12. Bf1 Bxf1 13. Kxf1 e5 14. Qe2 Bd6 15. Bg5 Nd7 16. c3 f5 17. d4 0-0 18. Rd1 exd4 19. Rxd4 Bc5 20. Rxd7 Qxd7 21. Qc4+ Kh8 22. Qxc5 f4 23. Kg2 h6 24. Bxf4 Rxf4 25. Ne5 Rxf2+ 26. Qxf2 Qd5+ 27. Nf3 Rf8 28. b3 Kg8 29. c4 Qc6 30. Rf1 g5 31. Qd4 1-0

[Event "MNT-chT"]
[Site "Herceg Novi"]
[Date "2023.05.03"]
[Round "4.2"]
[White "Tadic, Stefan"]
[Black "Saric, Ivan"]
[Result "1/2-1/2"]
[WhiteElo "2373"]
[BlackElo "2664"]
[PlyCount "84"]
[EventDate "2023.05.01"]
[EventType "team-tourn"]
[EventRounds "9"]
[EventCountry "MNE"]
[SourceTitle "CBM 214 Extra"]
[Source "ChessBase"]
[SourceDate "2023.07.31"]
[SourceVersion "1"]
[SourceVersionDate "2023.07.31"]
[SourceQuality "1"]
[WhiteTeam "Omladinac Buducnost"]
[BlackTeam "Herceg Novi"]
[WhiteTeamCountry "MNE"]
[BlackTeamCountry "MNE"]

1. d4 Nf6 2. Nf3 g6 3. Bf4 Bg7 4. c3 d6 5. h3 0-0 6. Nbd2 c5 7. dxc5 dxc5 8. e4 Nc6 9. Be2 Nh5 10. Be3 b6 11. e5 Nxe5 12. Nxe5 Bxe5 13. Bxh5 gxh5 14. Qxh5 Bg7 15. Bh6 Bxh6 16. Qxh6 Qd3 17. Qe3 Qxe3+ 18. fxe3 Bb7 19. Kf2 Rad8 20. Rhd1 f6 21. Nf3 Kf7 22. Ke1 Bd5 23. Rd2 Bxf3 24. Rxd8 Rxd8 25. gxf3 Rd5 26. Ke2 Rg5 27. Kf2 Rh5 28. Rh1 c4 29. e4 Ra5 30. Ra1 f5 31. Ke3 Kf6 32. Kd4 Rb5 33. b4 cxb3 34. axb3 a5 35. Kc4 Rc5+ 36. Kd4 fxe4 37. fxe4 Rb5 38. Kc4 Rh5 39. b4 axb4 40. cxb4 e6 41. Ra3 Ke7 42. Ra6 b5+ 1/2-1/2

[Event "SRB-ch sf"]
[Site "Novi Banovci"]
[Date "2023.02.10"]
[Round "7"]
[White "Martic, Ivan"]
[Black "Tadic, Stefan"]
[Result "1/2-1/2"]
[WhiteElo "2270"]
[BlackElo "2347"]
[PlyCount "104"]
[EventDate "2023.02.06"]
[EventType "swiss"]
[EventRounds "9"]
[EventCountry "SRB"]
[SourceTitle "CBM 212 Extra"]
[Source "ChessBase"]
[SourceDate "2023.03.31"]
[SourceVersion "1"]
[SourceVersionDate "2023.03.31"]
[SourceQuality "1"]

1. e4 c5 2. Nf3 e6 3. d4 cxd4 4. Nxd4 Nf6 5. Nc3 Nc6 6. Ndb5 Bc5 7. Bf4 0-0 8. Bc7 Qe7 9. Bd6 Bxd6 10. Qxd6 Qd8 11. 0-0-0 Ne8 12. Qd2 a6 13. Nd4 Nxd4 14. Qxd4 d6 15. Kb1 Qa5 16. Bc4 b5 17. Bb3 b4 18. Na4 Rb8 19. f4 Bd7 20. Qa7 Nc7 21. Rxd6 Bxa4 22. Bxa4 Qxa4 23. Qxc7 Rfc8 24. Rb6 Ra8 25. b3 Qxa2+ 26. Kxa2 Rxc7 27. Kb2 Rac8 28. Rc1 a5 29. Rb5 Ra8 30. c4 bxc3+ 31. Rxc3 Rxc3 32. Kxc3 Kf8 33. Rc5 Ke7 34. Rc7+ Kf6 35. Kb2 Rb8 36. Ka3 Rb5 37. Rc4 g5 38. Ka4 Rb7 39. g3 gxf4 40. gxf4 e5 41. Rc6+ Ke7 42. fxe5 Rb4+ 43. Kxa5 Rxb3 44. Rh6 Re3 45. Rh4 Ke6 46. Kb5 Kxe5 47. Rxh7 Kxe4 48. Rxf7 Rh3 49. Rf2 Ke3 50. Rg2 Kf3 51. Rg3+ Rxg3 52. hxg3 Kxg3 1/2-1/2

[Event "SRB-ch sf"]
[Site "Novi Banovci"]
[Date "2023.02.06"]
[Round "1"]
[White "Ljepic, Andrej"]
[Black "Tadic, Stefan"]
[Result "1/2-1/2"]
[WhiteElo "2136"]
[BlackElo "2347"]
[PlyCount "102"]
[EventDate "2023.02.06"]
[EventType "swiss"]
[EventRounds "9"]
[EventCountry "SRB"]
[SourceTitle "CBM 212 Extra"]
[Source "ChessBase"]
[SourceDate "2023.03.31"]
[SourceVersion "1"]
[SourceVersionDate "2023.03.31"]
[SourceQuality "1"]

1. e4 c5 2. Nf3 e6 3. c3 d5 4. e5 d4 5. Bd3 Bd7 6. Qe2 Bc6 7. Be4 Ne7 8. d3 Bxe4 9. Qxe4 Nbc6 10. c4 Ng6 11. 0-0 Be7 12. a3 0-0 13. Re1 Qd7 14. h4 f6 15. exf6 Bxf6 16. h5 Nge5 17. Nxe5 Bxe5 18. f4 Bc7 19. Qxe6+ Qxe6 20. Rxe6 Rae8 21. Rxe8 Rxe8 22. Kf1 Na5 23. Nd2 Bxf4 24. b4 Nc6 25. bxc5 Ne5 26. Nf3 Bg3 27. Bb2 Nxd3 28. Bxd4 Nf4 29. Rb1 Ne6 30. Bg1 Re7 31. Rd1 h6 32. Rd5 Nf4 33. Rd8+ Kh7 34. Bf2 Nxh5 35. Ra8 Bxf2 36. Kxf2 Nf4 37. Rxa7 Nd3+ 38. Kg3 Nxc5 39. Ra5 b6 40. Rb5 Re6 41. Rb1 g5 42. Nd4 Rf6 43. Nc2 Ne4+ 44. Kh2 g4 45. Ne3 g3+ 46. Kh3 Rg6 47. Nd5 Nf2+ 48. Kh4 Rg4+ 49. Kh5 Rg5+ 50. Kh4 Rg4+ 51. Kh5 Rg5+ 1/2-1/2